Statistics for Survivor: Edge of Extinction Contestants (Final Placements)

Click here to take the quiz!

General Stats

  • This quiz has been taken 193 times
  • The average score is 16 of 18

Answer Stats

HintAnswer% Correct
WinnerChris Underwood
95%
4thRick Devens
94%
14thJoe Anglim
92%
Runner-UpGavin Whitson
90%
2nd Runner-UpJulie Rosenberg
90%
15thAubry Bracco
89%
11thDavid Wright
89%
10thKelley Wentworth
89%
5thLauren O'Connell
88%
17thWendy Diaz
88%
6thVictoria Baamonde
85%
16thReem Daly
84%
9thDan "Wardog" DaSilva
83%
18thKeith Sowell
83%
12thJulia Carter
80%
8thRon Clark
79%
7thAurora McCreary
77%
13thEric Hafemann
74%

Score Distribution

Percentile by Number Answered

Percent of People with Each Score

Your Score History

You have not taken this quiz